000 00649nam a22002417a 4500
001 91105
003 UA-OsUOA
005 20221017114339.0
007 ta
008 20121122b un ||||| |||| 00| 0 ukr d
040 _aUA-OsUOA
_bukr
_cUA-OsUOA
_dUA-OsUOA
041 _aukr
080 _a821.161.2
090 _a821.161.2
_bР49
100 _aРибак Н.
245 _aПереяславськая Рада
_bроман
260 _aМ.
_bСоветский писатель
_c1954
300 _a827 с.
505 _gт. 2
650 7 _a82 Література. Літературознавство
_2UDC
942 _cBK
_2udc
955 _a3
999 _c377370
_d377370